| 000 | 00398nam a2200145Ia 4500 | ||
|---|---|---|---|
| 008 | 210210b1996 xxu||||| |||| 00| 0 eng d | ||
| 020 | _a0 521 58835 9 | ||
| 082 | _a423 CAMB | ||
| 100 | _aCAMBRIDGE UNIVERSITY PRESS. | ||
| 245 | _aCambridge international dictionary of english. | ||
| 260 |
_aCambridge. _bNot Mentioned _c1996 |
||
| 300 | _axviii,1773 | ||
| 690 | _aDictionaries | ||
| 906 | _a056656 | ||
| 999 |
_c103917 _d103917 |
||